000 00797nam a2200253Ia 4500
003 OSt
005 20221006152726.0
006 a|||||r|||| 00| 0
007 ta
008 221006b |||||||| |||| 00| 0 eng d
020 _a9780415297318
_cP60.00
024 _a29,403
037 _b1482, 25/01/2005, PTBook
_cTextual
040 _aEASL
_cEASL
_beng
041 _2eng
_aeng
082 _aX8(M7):9F.42, P3
100 _aHUNTER Janet
_9661534
245 0 _aWomen and the labour market in Japan's industrialising economy
_b The textile industry before the Pacific war
260 _aLondon
_bRoutledge Curzon
_c2003
300 _a326p.
_ccm.
490 _v JEL
942 _hX8(M7):9F.42, P3
_cTEXL
_2CC
999 _c1097489
_d1097489